000 01531nam a22003735i 4500
001 196305
003 SpMaBN
005 20240908063126.0
007 ta
008 240906s2023 sp | |||| 000 pdspa
017 _aCO 1391-2023
_bOficina Depósito Legal Córdoba
035 _aa7037405
040 _aES-MaACL
_bspa
_cES-MaACL
080 _a82-14"19/20"(082.2)
245 0 0 _aVII Encuentro Internacional de Poesía "Ciudad de Cabra" :
_bdel 13 al 15 de octubre de 2023 /
_cvarios autores.
246 0 _iSubtítulo de la cubierta :
_aAntología poética
250 _a1ª edición, 2023
264 1 _aCabra :
_bArte Ahora,
_c2023
300 _a313 páginas ;
_c21 cm
336 _aTexto
_2rdacontent
337 _asin mediación
_2rdamedia
338 _avolumen
_2rdacarrier
500 _a"Cabra, un viaje a la cuna de la poesía"
650 4 _aPoesía-
_yS.XX-
_2embne
_916156
_xHistoria y crítica
650 7 _aPoesía-
_yS.XXI
_9147673
655 0 _aAntologías
_2tgfbne
_9176540
655 7 _aPoesías
_2tgfbne
_9176539
852 _aES-MaACL
_bR.154838
_cDEPOJ
_jN-9726
_hDonación: Ana María López Expósito
_9204023
_gDedicatoria autógrafa de la autora
_xEncuadernación rústica con solapas
_zÍtem y biblionumer duplicado con el N-9698, modificado a lápiz en el ejemplar
903 _aLópez Expósito, Ana María
_ednr
_9176562
942 _n0
_cMONOGRAFIA
999 _c196305
_d196305